Miasta w województwie podkarpackim - Statystyki

Ogólne statystyki
  • Ten quiz został rozwiązany 151 razy
    33 od ostatniego zresetowania
  • Średni wynik to 35 z 54
Statystyki odpowiedzi
Populacja Miasto % Poprawnych
44 198 Krosno
100%
56 466 Przemyśl
100%
197 536 Rzeszów
100%
43 086 Dębica
95%
35 475 Jarosław
95%
34 504 Sanok
95%
57 121 Mielec
90%
32 936 Jasło
85%
17 626 Łańcut
85%
55 500 Stalowa Wola
85%
44 012 Tarnobrzeg
85%
8 475 Ustrzyki Dolne
85%
12 733 Leżajsk
80%
14 532 Nisko
80%
14 597 Przeworsk
75%
15 828 Ropczyce
75%
7 185 Brzozów
70%
8 524 Kolbuszowa
70%
4 984 Radymno
70%
12 376 Sędziszów Małopolski
70%
8 431 Strzyżów
70%
6 017 Dynów
65%
11 354 Lubaczów
65%
1 997 Narol
65%
4 316 Sokołów Małopolski
65%
1 398 Baranów Sandomierski
60%
5 148 Lesko
60%
2 009 Sieniawa
60%
4 516 Tyczyn
60%
4 954 Zagórz
60%
2 089 Błażowa
55%
6 258 Boguchwała
55%
806 Dubiecko
55%
1 971 Dukla
55%
10 487 Głogów Małopolski
55%
1 552 Iwonicz-Zdrój
55%
5 450 Nowa Sarzyna
55%
2 822 Oleszyce
55%
4 982 Pilzno
55%
6 431 Rudnik nad Sanem
55%
1 830 Cieszanów
50%
2 912 Kańczuga
50%
1 384 Kołaczyce
50%
10 397 Nowa Dęba
50%
3 638 Pruchnik
50%
3 556 Rymanów
50%
1 363 Ulanów
50%
2 691 Brzostek
45%
5 533 Jedlicze
45%
987 Bircza
40%
1 817 Przecław
40%
2 777 Zaklików
40%
3 392 Radomyśl Wielki
35%
1 190 Jawornik Polski
30%
Nie znaleziono quizów pasujących do podanych kryteriów
Rozkład punktacji
Procent ludzi z każdym wynikiem
Percentyl według liczby udzielonych odpowiedzi
Twoja historia wyników
Nie rozwiązałeś tego quizu od ostatniego zresetowania